Score 0/20 Timer 04:00
2 Plays Today
Hint Answer % Correct
Former NFL quarterback known for his devout ChristianityTim Tebow
86%
'Home Improvement' star who voiced Buzz LightyearTim Allen
83.5%
Country music superstar married to Faith HillTim McGraw
82%
'A Christmas Carol' character or a famed ukulele strummerTiny Tim
73.4%
Director of 'Edward Scissorhands' known for his dark styleTim Burton
71.9%
James Bond portrayer in the 1980sTimothy Dalton
66.5%
He played opposite Morgan Freeman in 'The Shawshank Redemption'Tim Robbins
63.5%
Two-time NBA MVP with the San Antonio SpursTim Duncan
54.6%
John Cleese character in 'Monty Python and the Holy Grail'Tim the Enchanter
54.5%
San Francisco Giants two-time Cy Young award winnerTim Lincecum
38%
Hint Answer % Correct
Harvard professor who advocated psychadelic drugs such as LSDTimothy Leary
37.2%
Longest-serving moderator of 'Meet the Press' who died suddenly in 2008Tim Russert
36%
Dr. Frank-N-Furter portrayer in 'The Rocky Horror Picture Show'Tim Curry
35%
Fashion consultant on 'Project Runway'Tim Gunn
33.2%
'Carol Burnett Show' and 'McHale's Navy' co-starTim Conway
31.5%
At 20 years old, he's the youngest winner of Best Supporting Actor for 'Ordinary People'Timothy Hutton
29%
Secretary of the Treasury appointed by ObamaTimothy Geithner
28.6%
Star of 'Rob Roy' and 'Reservoir Dogs'Tim Roth
24.7%
Star of TV's 'Justified'Timothy Olyphant
18.1%
British computer scientist credited with inventing the World Wide WebTim Berners-Lee
9.6%

You're not logged in!

Compare scores with friends on all Sporcle quizzes.
OR
Log In

Sporcle TV

Today on Sporcle TV


Watch our educational content, quiz creation guides, and fun videos on Sporcle TV.

Show Comments

Extras

Top Quizzes Today


Score Distribution

Paid Content

Your Account Isn't Verified!

In order to create a playlist on Sporcle, you need to verify the email address you used during registration. Go to your Sporcle Settings to finish the process.

Report this User

Report this user for behavior that violates our Community Guidelines.

Details: